Statistics for Biggest Cities of the Byzantine Empire in 1453 - Under Constantine XI

Click here to take the quiz!

General Stats

  • This quiz has been taken 345 times
    (107 since last reset)
  • The average score is 6 of 18

Answers on the Map

Answers color-coded by a green-red scale on the quiz's map according to % correct below.
 

Answer Stats

Pop.City% Correct
35kAthens
100%
45kConstantinople
(Istanbul)
98%
2kCorinth
76%
4kPatras
50%
2kThebes
48%
2kPiraeus
38%
3kPyrgos
(Burgas)
38%
3kKalamata
32%
2kMegara
26%
10kMonemvasia
25%
2kSelymbria
(Silivri)
16%
6kMystras
15%
3kMesembria
(Nesebar)
14%
2kAnchialos
(Pomorie)
13%
3kSozopolis
(Sozopol)
13%
4kGlarentza
(Kyllini)
12%
3kKalavryta
10%
2kBizye
(Vize)
7%

Score Distribution

Percentile by Number Answered

Percent of People with Each Score

Your Score History

You have not taken this quiz since the last reset